000
00321 a2200157 4500
001
62912
020
_a
97885359280026
040
_c
Anchieta - Pituba
100
_a
Kuper, Peter
240
1
0
_a
Pau e pedra
_l
por
245
1
0
_a
Pau e pedra
300
_a
362
0
_a
2016
650
4
_a
Literatura juvenil
942
_c
BK
999
_c
62912
_d
62912